On This Day: March 24th II Quiz Stats

 Plays Quiz Updated Mar 24, 2018

Score 0/7 Timer 03:00
0 Plays Today
Question Answer Wrong Answers
Armed forces in ______ overthrow the constitutional government of Isabel Perón, beginning a 7-year dictatorial period.
1976
Argentina
83.5%
Chile
6%
Colombia
3.8%
Venezuela
5.3%
This regional organization votes 21-1 in favor of a resolution demanding the immediate and unconditional removal of US and British soldiers from Iraq.
2003
Arab League
64.1%
Gulf Cooperation Council
5.3%
OPEC
24%
OECD
4.1%
The Mayor of New York City, Robert Anderson Van Wyck, breaks ground for a new underground ‘Rapid Transit Railroad’ that would link Manhattan and ______.
1900
Brooklyn
63.8%
Staten Island
16.9%
Newark
3.4%
Queens
15.5%
This American actress, known for roles in films like ‘Zero Dark Thirty’ and ‘Interstellar’, is born.
1977
Jessica Chastain
57.5%
Emma Stone
10.4%
Amy Adams
12.8%
Charlize Theron
17.4%
The US Congress passes the Tydings–McDuffie Act, allowing this nation to become a self-governing commonwealth with Manuel L. Quezon as president.
1934
Philippines
53.8%
Puerto Rico
31.4%
Guam
7.7%
Cuba
6%
This landlocked south Asian country holds their first ever general election, and officially becomes a democracy.
2008
Bhutan
52.2%
Vietnam
5.6%
Myanmar
31.3%
Thailand
8.1%
This German physician and microbiologist, a founder of modern bacteriology, announces the discovery of the bacterium responsible for tuberculosis.
1882
Robert Koch
41.3%
Louis Pasteur
32.4%
Alexander Fleming
24.8%
John Snow
1.4%

You're not logged in!

Compare scores with friends on all Sporcle quizzes.
OR
Log In

Sporcle TV

Today on Sporcle TV


Watch our educational content, quiz creation guides, and fun videos on Sporcle TV.

Show Comments

Extras

Top Quizzes Today


Score Distribution

Your Account Isn't Verified!

In order to create a playlist on Sporcle, you need to verify the email address you used during registration. Go to your Sporcle Settings to finish the process.

Report this User

Report this user for behavior that violates our Community Guidelines.

Details: